<?xml version="1.0" encoding="UTF-8"?><?xml-stylesheet type="text/xsl" href="static/style.xsl"?><OAI-PMH xmlns="http://www.openarchives.org/OAI/2.0/" xmlns:xsi="http://www.w3.org/2001/XMLSchema-instance" xsi:schemaLocation="http://www.openarchives.org/OAI/2.0/ http://www.openarchives.org/OAI/2.0/OAI-PMH.xsd"><responseDate>2026-04-17T12:06:19Z</responseDate><request verb="GetRecord" identifier="oai:riubu.ubu.es:10259/7542" metadataPrefix="marc">https://riubu.ubu.es/oai/request</request><GetRecord><record><header><identifier>oai:riubu.ubu.es:10259/7542</identifier><datestamp>2025-05-12T09:27:35Z</datestamp><setSpec>com_10259_5498</setSpec><setSpec>com_10259_5086</setSpec><setSpec>com_10259_2604</setSpec><setSpec>com_10259_4313</setSpec><setSpec>col_10259_5505</setSpec><setSpec>col_10259_6735</setSpec><setSpec>col_10259_5684</setSpec></header><metadata><record xmlns="http://www.loc.gov/MARC21/slim" xmlns:doc="http://www.lyncode.com/xoai" xmlns:xsi="http://www.w3.org/2001/XMLSchema-instance" xmlns:dcterms="http://purl.org/dc/terms/" xsi:schemaLocation="http://www.loc.gov/MARC21/slim http://www.loc.gov/standards/marcxml/schema/MARC21slim.xsd">
<leader>00925njm 22002777a 4500</leader>
<datafield tag="042" ind1=" " ind2=" ">
<subfield code="a">dc</subfield>
</datafield>
<datafield tag="720" ind1=" " ind2=" ">
<subfield code="a">Vallejos Calzada, Saúl</subfield>
<subfield code="e">author</subfield>
</datafield>
<datafield tag="720" ind1=" " ind2=" ">
<subfield code="a">Trigo López, Miriam</subfield>
<subfield code="e">author</subfield>
</datafield>
<datafield tag="720" ind1=" " ind2=" ">
<subfield code="a">Sardon, Haritz</subfield>
<subfield code="e">author</subfield>
</datafield>
<datafield tag="720" ind1=" " ind2=" ">
<subfield code="a">González Martín, José Manuel</subfield>
<subfield code="e">author</subfield>
</datafield>
<datafield tag="720" ind1=" " ind2=" ">
<subfield code="a">García Pérez, José Miguel</subfield>
<subfield code="e">author</subfield>
</datafield>
<datafield tag="260" ind1=" " ind2=" ">
<subfield code="c">2023-03-14</subfield>
</datafield>
<datafield tag="520" ind1=" " ind2=" ">
<subfield code="a">The dataset contains all raw data of the work "Metal-free organocatalysts for high hydrolytic stability single component polyurethane adhesives and their application in decorative insulation facades manufacturing"</subfield>
</datafield>
<datafield tag="024" ind2=" " ind1="8">
<subfield code="a">Vallejos Calzada, Saúl; Trigo López, Miriam; Sardon, Haritz; González Martín, José Manuel; García Pérez, José Miguel; 2023; Dataset of the work "Metal-free organocatalysts for high hydrolytic stability single component polyurethane adhesives and their application in decorative insulation facades manufacturing"; RIUBU; http://doi.org/10.71486/fe2b-cj63</subfield>
</datafield>
<datafield tag="024" ind2=" " ind1="8">
<subfield code="a">http://hdl.handle.net/10259/7542</subfield>
</datafield>
<datafield tag="024" ind2=" " ind1="8">
<subfield code="a">10.71486/fe2b-cj63</subfield>
</datafield>
<datafield ind1=" " ind2=" " tag="653">
<subfield code="a">Single-component polyurethane adhesive</subfield>
</datafield>
<datafield ind1=" " ind2=" " tag="653">
<subfield code="a">Metal-free catalyst</subfield>
</datafield>
<datafield ind1=" " ind2=" " tag="653">
<subfield code="a">Colorimetry</subfield>
</datafield>
<datafield ind1=" " ind2=" " tag="653">
<subfield code="a">RGB parameters</subfield>
</datafield>
<datafield ind1=" " ind2=" " tag="653">
<subfield code="a">Home-made system</subfield>
</datafield>
<datafield ind1=" " ind2=" " tag="653">
<subfield code="a">DBU</subfield>
</datafield>
<datafield ind1=" " ind2=" " tag="653">
<subfield code="a">Naphthoic acid</subfield>
</datafield>
<datafield ind1=" " ind2=" " tag="653">
<subfield code="a">Fan</subfield>
</datafield>
<datafield tag="245" ind1="0" ind2="0">
<subfield code="a">Dataset of the work "Metal-free organocatalysts for high hydrolytic stability single component polyurethane adhesives and their application in decorative insulation facades manufacturing"</subfield>
</datafield>
</record></metadata></record></GetRecord></OAI-PMH>